| 000 | 01182nam a2200289 a 4500 | ||
|---|---|---|---|
| 001 | 000026391 | ||
| 003 | DO-SdBNP | ||
| 005 | 20250604120644.0 | ||
| 008 | 110316s2000 dr a 000 0 spa d | ||
| 040 |
_aDO-SdBNP _bspa _cBNPHU |
||
| 082 | 4 |
_a331.1 _bE27e _222 |
|
| 245 | 0 | 0 |
_aEficiencia y equidad desde la perspectiva del mercado laboral : _buna posible interpretación de la experiencia dominicana / _cinvestigador Rolando M. Guzmán, Belkys Gabot. |
| 260 |
_aSanto Domingo : _bONAPLAN, _c2000. |
||
| 300 |
_a119 p. : _bil., gráf. ; _c28 cm. |
||
| 490 | 1 |
_aLa economía dominicana en el 2000 _v1 |
|
| 500 | _aIncluye referencias bibliográficas y notas al pie de las páginas | ||
| 504 | _aBibliografía: p. 111 -119 | ||
| 590 | _aInventariado, 2018/VM | ||
| 650 | 0 |
_aMercado de trabajo _zRepública Dominicana _919058 |
|
| 651 | 4 |
_aRepública Dominicana _xCondiciones económicas _9281 |
|
| 700 | 1 | 2 |
_aGuzmán, Rolando M. _918774 |
| 700 | 1 | 2 |
_aGabot, Belkys _953425 |
| 710 | 1 |
_aRepública Dominicana. _bOficina Nacional de Planificación _99293 |
|
| 830 | 0 |
_aLa economía dominicana en el 2000 _n1 _953426 |
|
| 910 | _aValidado. Control de calidad MFF | ||
| 942 |
_2ddc _cLBS1 |
||
| 999 |
_c25883 _d25883 |
||